Statistics for Guess the superhero by alter ego

Click here to take the quiz!

General Stats

  • This quiz has been taken 40 times
  • The average score is 22 of 26

Answer Stats

HintAnswer% Correct
T'Challablack panther
100%
Steve RogersCaptain america
100%
Tony Starkironman
100%
Bruce WayneBatman
97%
Peter ParkerSpiderman
97%
Natasha Romanoffblack widow
95%
Barry AllenFlash
95%
Clint Bartonhawkeye
95%
Bruce BannerHulk
95%
Kal El/Clark KentSuperman
95%
Logan Howlettwolverine
95%
Stephen Strangedoctor strange
92%
Wanda Maximoffscarlet witch
92%
____ OdinsonThor
92%
Bucky Barneswinter soldier
89%
Sam Wilsonfalcon
86%
Kara Zor El/Kara Danverssupergirl
84%
Reed Richardsmr fantastic
81%
Diana Princewonder woman
81%
Oliver QueenGreen Arrow
76%
Scott Summerscyclops
73%
Ray PalmerATOM
65%
Caitlin Snowfrost
65%
Laurel LanceBlack Canary
62%
Sara Lancewhite canary
62%
Cisco Ramonvibe
57%

Score Distribution

Percentile by Number Answered

Percent of People with Each Score

Your Score History

You have not taken this quiz